Social Innovations in Practice
Problematika sociálnych inovácií so zameraním na zabezpečenie environmentálnej, ekonomickej a sociálnej udržateľnosti ekonomického rastu. Skúmanie efektívnosti sociálnych investícií v podnikovej praxi. Metóda obsahovo kauzálnej analýzy teoretických prístupov. Metóda čiastočnej indukcie a syntézy pri...
Gespeichert in:
| 1. Verfasser: | |
|---|---|
| Weitere Verfasser: | |
| Format: | Buchkapitel |
| Sprache: | Slowakisch |
| Schlagworte: | |
| Tags: |
Keine Tags, Fügen Sie das erste Tag hinzu!
|
MARC
| LEADER | 00000nla a2200000 4500 | ||
|---|---|---|---|
| 001 | 0238860 | ||
| 005 | 20240523120438.1 | ||
| 041 | 0 | |a slo | |
| 044 | |a CZ | ||
| 245 | 1 | 0 | |a Social Innovations in Practice |c Daniela Rybárová, Slávka Šagátová |
| 520 | |a Problematika sociálnych inovácií so zameraním na zabezpečenie environmentálnej, ekonomickej a sociálnej udržateľnosti ekonomického rastu. Skúmanie efektívnosti sociálnych investícií v podnikovej praxi. Metóda obsahovo kauzálnej analýzy teoretických prístupov. Metóda čiastočnej indukcie a syntézy pri formulácii záveru na základe prieskumu formou dotazníku v konkrétnom podniku. Existujúcich štúdie v danej oblasti doplnené o metódu komparatívnej analýzy. | ||
| 610 | 2 | 0 | |a inovácie sociálne |
| 610 | 2 | 0 | |a analýza komparatívna |
| 610 | 2 | 0 | |a metóda efektívnosti komparatívnej |
| 610 | 2 | 0 | |a rozvoj trvalo udržateľný |
| 610 | 2 | 0 | |a rozvoj sociálny |
| 610 | 2 | 0 | |a rozvoj podniku |
| 610 | 2 | 0 | |a technológie nové |
| 610 | 2 | 0 | |a podnikanie sociálne |
| 610 | 2 | 0 | |a podnikanie zodpovedné |
| 100 | 1 | |a Rybárová, Daniela, 1967- | |
| 700 | 1 | |a Šagátová, Slavka, 1975- | |